000 00721cam a22002291 4500
001 agr30001355
003 DLC
005 20260227110950.0
008 800701s1930 gw a 000 0 ger c
010 _aagr30001355
035 _a(OCoLC)6475017
040 _aLibrary, U.S. Dept. of Agriculture
_cTxCM
_dOCoLC
_dDLC
042 _apremarc
050 0 0 _aS593
_b.M58 1930
100 1 _aMitscherlich, Eilhard Alfred,
_d1874-
245 1 4 _aDie bestimmung des düngerbedürfnisses des bodens.
_cVon dr. phil. Eilh. Alfred Mitscherlich ...
250 _adritte neubearbeitete auflage.
260 _aBerlin,
_bP. Parey,
_c1930.
300 _a119, [1] p.
_billus., diagrs.
_c23 cm.
650 0 _aSoils.
650 0 _aFertilizers.
999 _c9386
_d9386